000 00860nam a2200241 a 4500
001 000022759
005 20250717131055.0
008 100915s1982 xxu 000 0 spa d
020 _a0311114490
040 _aDO-SdBNP
_bspa
_cBNPHU
082 _a268.433
_bH866m
100 1 _aHowse, W. L.
_942246
245 1 0 _aMejor enseñanza bíblica para maestros de jovenes /
_cW. L. Howse; José Rivas traducción, revisión y adaptación Jorge Enriquez Díaz.
260 _aEstados Unidos de América :
_bCasa Bautista de Publicaciones,
_c1982.
300 _a96 p. :
_bil. ;
_c18 cm.
650 4 _aEducación cristiana de jovenes
_933717
650 4 _aEducación cristiana
_911641
650 0 _aEducación religiosa
_9682
650 4 _aTeología
_xEnseñanza
_945571
700 1 _aRivas, José.
_942247
700 1 _aDíaz F., Jorge Enriquez
_946761
049 _aBNGR
999 _c22256
_d22256